000 00327 a2200157 4500
001 172210
020 _a
040 _cMagnum
100 _aPachella, Paulo Roberto
240 1 0 _aPor agua abaixo
_lpor
245 1 0 _aPor agua abaixo
362 0 _a1899
440 1 _aModerna
697 _aI/AVENTURA, CRIANCAS
942 _cBK
999 _c172210
_d172210